Logo CIB grande

ADMINISTRACION DE LOS SISTEMAS DE INFORMACION: ORGANIZACION Y TECNOLOGIA (Registro nro. 194101)

Detalles MARC
000 -LEADER
campo de control de longitud fija 00780nam a2200265Ia 4500
005 - FECHA Y HORA DE LA ÚLTIMA TRANSACCIÓN
campo de control 20250425160703.0
008 - DATOS DE LONGITUD FIJA--INFORMACIÓN GENERAL
campo de control de longitud fija 250425s9999 xx 000 0 und d
020 ## - NÚMERO INTERNACIONAL ESTÁNDAR DEL LIBRO
Número Internacional Estándar del Libro 9688806935
041 ## - CÓDIGO DE IDIOMA
Código de lengua del texto/banda sonora o título independiente spa
043 ## - CÓDIGO DE ÁREA GEOGRÁFICA
Código de área geográfica mx
082 ## - NÚMERO DE LA CLASIFICACIÓN DECIMAL DEWEY
Número de clasificación 658.4038
010 ## - NÚMERO DE CONTROL DE LA BIBLIOTECA DEL CONGRESO
Número de control de LC 2294
100 ## - ENTRADA PRINCIPAL--NOMBRE DE PERSONA
Nombre de persona LAUDON, KENNETH C.
245 #0 - MENCIÓN DEL TÍTULO
Título ADMINISTRACION DE LOS SISTEMAS DE INFORMACION: ORGANIZACION Y TECNOLOGIA
250 ## - MENCION DE EDICION
Mención de edición 3A ED.
260 ## - PUBLICACIÓN, DISTRIBUCIÓN, ETC.
Lugar de publicación, distribución, etc. MEXICO
260 ## - PUBLICACIÓN, DISTRIBUCIÓN, ETC.
Lugar de publicación, distribución, etc. México
Nombre del editor, distribuidor, etc. PRENTICE-HALL HISPANOAMERICANA S.A.
Fecha de publicación, distribución, etc. 1996
300 ## - DESCRIPCIÓN FÍSICA
Extensión 885
500 ## - NOTA GENERAL
Nota general Título Traducido: MANAGEMENT INFORMATION SYSTEMS: ORGANIZATION AND TECNOLOGY
650 ## - PUNTO DE ACCESO ADICIONAL DE MATERIA--TÉRMINO DE MATERIA
Término de materia o nombre geográfico como elemento de entrada ADMINISTRACION
650 ## - PUNTO DE ACCESO ADICIONAL DE MATERIA--TÉRMINO DE MATERIA
Término de materia o nombre geográfico como elemento de entrada PLANIFICACION ESTRATEGICA
650 ## - PUNTO DE ACCESO ADICIONAL DE MATERIA--TÉRMINO DE MATERIA
Término de materia o nombre geográfico como elemento de entrada SISTEMAS DE INFORMACION
700 ## - ENTRADA AGREGADA--NOMBRE PERSONAL
Nombre de persona JORGE RODRIGUEZ R.
Término indicativo de función/relación traductor
942 ## - ELEMENTOS DE ENTRADA SECUNDARIOS (KOHA)
Tipo de ítem Koha Libros
Existencias
Estatus retirado Estado de pérdida Estado de daño No para préstamo Biblioteca de origen Biblioteca actual Ubicación en estantería Fecha de adquisición Coste, precio normal de compra Total de préstamos Código de barras Copia número Nota pública Tipo de ítem Koha Fuente de la clasificación o esquema de estantería Signatura topográfica completa
        CENTRO DE INFORMACIÓN BIBLIOTECARIA CENTRO DE INFORMACIÓN BIBLIOTECARIA   10/02/2004 20.00   31700 1   Libros    
        CENTRO DE INFORMACIÓN BIBLIOTECARIA CENTRO DE INFORMACIÓN BIBLIOTECARIA   10/09/2004 24.00   33155 3   Libros    
        CENTRO DE INFORMACIÓN BIBLIOTECARIA CENTRO DE INFORMACIÓN BIBLIOTECARIA   18/06/2003 24.00   33423 4   Libros Clasificación Decimal Dewey 658.4038
        CENTRO DE INFORMACIÓN BIBLIOTECARIA CENTRO DE INFORMACIÓN BIBLIOTECARIA   23/09/2004 26.00   35917 8   Libros    
        CENTRO DE INFORMACIÓN BIBLIOTECARIA CENTRO DE INFORMACIÓN BIBLIOTECARIA   08/07/2004 27.00   35745 5   Libros    
        CENTRO DE INFORMACIÓN BIBLIOTECARIA CENTRO DE INFORMACIÓN BIBLIOTECARIA   14/07/2003 27.00   35775 6   Libros    
        CENTRO DE INFORMACIÓN BIBLIOTECARIA CENTRO DE INFORMACIÓN BIBLIOTECARIA   05/12/2003 27.00   35776 7   Libros    
        CENTRO DE INFORMACIÓN BIBLIOTECARIA CENTRO DE INFORMACIÓN BIBLIOTECARIA   10/02/2004 27.00   40690 9   Libros    
        CENTRO DE INFORMACIÓN BIBLIOTECARIA CENTRO DE INFORMACIÓN BIBLIOTECARIA   28/07/2004 27.00   40691 10   Libros    
        CENTRO DE INFORMACIÓN BIBLIOTECARIA CENTRO DE INFORMACIÓN BIBLIOTECARIA   23/10/2002 29.00   41172 11   Libros    
        CENTRO DE INFORMACIÓN BIBLIOTECARIA CENTRO DE INFORMACIÓN BIBLIOTECARIA   17/02/2004 29.00   41173 12   Libros    
        ESCUELA DE NEGOCIOS ESCUELA DE NEGOCIOS   26/07/2001 11.00   CP-00904 20 COMPRA      
        ESCUELA DE NEGOCIOS ESCUELA DE NEGOCIOS   26/07/2001 11.00   CP-00905 21 COMPRA      
        FACULTAD DE INGENIERIA MECANICA Y CIENCIAS DE LA PRODUCCION FACULTAD DE INGENIERIA MECANICA Y CIENCIAS DE LA PRODUCCION   15/11/2004 28.00   50397 13        

Copyright 2025 ESPOL. Todos los derechos reservados.